| 000 | 00343nam a22001457a 4500 | ||
|---|---|---|---|
| 003 | OSt | ||
| 005 | 20170420132424.0 | ||
| 008 | 170420b xxu||||| |||| 00| 0 eng d | ||
| 040 | _cMACL | ||
| 100 |
_aHibbeler, R.C. _967074 |
||
| 245 | _aStructural Analysis | ||
| 260 |
_aNew Delhi _bPearson _c2013 |
||
| 650 |
_aEngg. _927267 |
||
| 942 |
_2ddc _cBK |
||
| 999 |
_c56281 _d56281 |
||